02127cam a22003494a 450000100090000000300060000900500170001500800410003201000170007302000330009002000360012302000330015902000360019203500200022804001160024804200080036404300120037205000250038408200210040910000160043024500660044626000550051230000470056750400640061450506000067852002250127860000290150361000510153265000400158365500410162377601130166460881627OCoLC20190117164211.0050629s2005 ilua b 001 0beng  a 2005018562 a0842381910 (hc : alk. paper) a9780842381918 (hc : alk. paper) a0842381929 (sc : alk. paper) a9780842381925 (sc : alk. paper) a(OCoLC)60881627 aDLCbengcDLCdIG#dBAKERdJPKdBTCTAdVP@dYDXCPdSMPdOCLCQdCQUdBGTONdOCLCQdBDXdOCLCAdP4IdOCLCFdCIRBC apcc an-us---00aBR1725.D62bB87 200500a269.2222bD635F1 aBuss, Dale.10aFamily man :bthe biography of Dr. James Dobson /cDale Buss. aWheaton, Ill. :bTyndale House Publishers,cc2005. ax, 415 p. :bill. (chielfy col.) ;c24 cm. aIncludes bibliographical references (p. 399-406) and index.0 aCampaign mode -- Paterfamilias -- Striver -- Daring to discipline -- Packing the house -- The velvet microphone -- Deal with a devil -- A born entrepreneur -- Colorado, here we come! -- Hot pending -- The political animal -- Bringing the hammer -- Stress fractures -- The Dobson difference -- Transformed lives -- Friends of Jim -- A silver thread -- Inside the fishbowl -- Black and white and red and blue -- A crucible and a gauntlet -- A week in the life -- Maybe Bruce was right -- The third way -- No small feat -- Slouching toward Gomorrah -- Montgomery and beyond -- Righteous revolution. aPresents a comprehensive biography of "Focus on the Family" founder, Dr. James Dobson, and chronicles his childhood, early career in psychology, and the evolution of his world-wide ministry that focuses on family values.10aDobson, James C.,d1936-20aFocus on the Family (Organization)vBiography. 0aChristian biographyzUnited States. 7aBiography.2fast0(OCoLC)fst0142368608iOnline version:aBuss, Dale.tFamily man.dWheaton, Ill. : Tyndale House Publishers, c2005w(OCoLC)653091077